000 00454nam a2200169Ia 4500
008 090711s9999 xx 000 0 und d
082 _b45790
100 _aओक अनंत
245 _aउमलत्या फुला
260 _c1981
300 _a59
600 _aओक अनंत
630 _aउमलत्या फुला
700 _aओक अनंत
730 _aउमलत्या फुला
942 _cBOOK
999 _c306504
_d306504